<?xml version="1.0" encoding="UTF-8"?>
<record
    xmlns:xsi="http://www.w3.org/2001/XMLSchema-instance"
    xsi:schemaLocation="http://www.loc.gov/MARC21/slim http://www.loc.gov/standards/marcxml/schema/MARC21slim.xsd"
    xmlns="http://www.loc.gov/MARC21/slim">

  <leader>01030nam a2200217 a 4500</leader>
  <controlfield tag="001">BRCA_8871</controlfield>
  <controlfield tag="005">20190320210437.0</controlfield>
  <controlfield tag="008">140617s1764----mx-#######---#000-0#spa-#</controlfield>
  <datafield tag="041" ind1=" " ind2=" ">
    <subfield code="a">spa</subfield>
  </datafield>
  <datafield tag="044" ind1=" " ind2=" ">
    <subfield code="a">mx</subfield>
  </datafield>
  <datafield tag="084" ind1=" " ind2=" ">
    <subfield code="a">BE254</subfield>
    <subfield code="b">.V48 1764</subfield>
  </datafield>
  <datafield tag="100" ind1="1" ind2=" ">
    <subfield code="a">Vetancurt, Agust&#xED;n de</subfield>
    <subfield code="9">22090</subfield>
  </datafield>
  <datafield tag="245" ind1="1" ind2="0">
    <subfield code="a">Manual de administrar los santos sacramentos, conforme &#xE1; la reforma de Paulo V, y Urbano VIII</subfield>
    <subfield code="c">dispuestos por el R.P.Fr. Agustin de Ventacurt; quien se la dedica al esposo de la que es de Dios esposa, padre estimativo de el Hijo de el Eterno Padre, y glorioso patriarca Se&#xF1;or San Joseph.</subfield>
  </datafield>
  <datafield tag="260" ind1=" " ind2=" ">
    <subfield code="a">Reimpresso en Mexico</subfield>
    <subfield code="b">En la Imprenta de los Herederos de D. Mar&#xED;a de Rivera, calle de S. Bernardo</subfield>
    <subfield code="c">1764</subfield>
  </datafield>
  <datafield tag="300" ind1=" " ind2=" ">
    <subfield code="a">[6], [7], 377 p.</subfield>
    <subfield code="c">14.4 x 10.5 cm.</subfield>
  </datafield>
  <datafield tag="500" ind1=" " ind2=" ">
    <subfield code="a">Estado f&#xED;sico: presenta encuadernaci&#xF3;n en piel, con cantos decorados y con algunas hojas manchadas</subfield>
  </datafield>
  <datafield tag="650" ind1="1" ind2="4">
    <subfield code="a">Sacramentos</subfield>
    <subfield code="y">Obras anteriores a 1800</subfield>
    <subfield code="9">21850</subfield>
  </datafield>
  <datafield tag="650" ind1="1" ind2="4">
    <subfield code="a">Teolog&#xED;a</subfield>
    <subfield code="z">Obras anteriores a 1800</subfield>
    <subfield code="9">22091</subfield>
  </datafield>
  <datafield tag="902" ind1=" " ind2=" ">
    <subfield code="a">CFM</subfield>
  </datafield>
  <datafield tag="942" ind1=" " ind2=" ">
    <subfield code="2">lcc</subfield>
    <subfield code="c">B</subfield>
  </datafield>
  <datafield tag="999" ind1=" " ind2=" ">
    <subfield code="c">8522</subfield>
    <subfield code="d">8522</subfield>
  </datafield>
  <datafield tag="952" ind1=" " ind2=" ">
    <subfield code="0">0</subfield>
    <subfield code="1">0</subfield>
    <subfield code="4">0</subfield>
    <subfield code="7">0</subfield>
    <subfield code="a">BRCA</subfield>
    <subfield code="b">BRCA</subfield>
    <subfield code="d">2017-06-14</subfield>
    <subfield code="l">0</subfield>
    <subfield code="o">BE254 .V48 1764</subfield>
    <subfield code="p">CFM00194</subfield>
    <subfield code="r">2019-03-22 00:00:00</subfield>
    <subfield code="w">2019-03-22</subfield>
    <subfield code="y">B</subfield>
  </datafield>
</record>
